Analýza odpadového hospodárstva obce

Salvato in:
Dettagli Bibliografici
Autore principale: Mikulášová, Veronika (Autore)
Altri autori: Galbová, Kristína (Relatore della tesi)
Natura: Manoscritto Libro
Lingua:slovacco
Pubblicazione: 2018
Soggetti:
Accesso online:http://is.stuba.sk/zp/portal_zp.pl?podrobnosti=117322
https://opac.crzp.sk/?fn=detailBiblioForm&sid=CB745B58B0F7E53C005DC76F3E25
Tags: Aggiungi Tag
Nessun Tag, puoi essere il primo ad aggiungerne!!

MARC

LEADER 00000ntm a22000003a 4500
001 stuzp61491
003 SK-STU
005 20230519135625.5
007 ta
008 150427s2015----xo-----f-mn---000-0-slo-d
040 |a STU  |b slo 
041 0 |a slo 
100 1 |a Mikulášová, Veronika  |u 010280  |4 aut  |U SvF Stavebná fakulta  |T SvF Katedra zdravotného inžinierstva  |X 75904  |U V280  |Y 29  |7 75904 
242 0 1 |a Waste management analysis of the municipality  |y eng 
245 1 0 |a Analýza odpadového hospodárstva obce 
260 |c 2018 
650 4 |a Odpadové hospodárstvo  |2 slo 
650 4 |a Odpady  |2 slo 
650 4 |a Separovaný zber  |2 slo 
650 4 |a Waste economy  |2 eng 
650 4 |a Waste  |2 eng 
650 4 |a separated waste  |2 eng 
700 1 |a Galbová, Kristína  |u 010280  |k Z1  |4 ths  |U SvF Stavebná fakulta  |T SvF Katedra zdravotného inžinierstva  |X 20771  |U V280  |Y 29  |7 A000020771 
856 4 |u http://is.stuba.sk/zp/portal_zp.pl?podrobnosti=117322 
856 4 |u https://opac.crzp.sk/?fn=detailBiblioForm&sid=CB745B58B0F7E53C005DC76F3E25